000 00296nam a2200133 i 4500
001 bg
245 3 _a5e Congres International de Cybernetique.
260 _aNamur,
_c1968.
040 _cBPK
041 _apol
080 _a007:621.391
942 _cKS
008 s pl f |000 0 pol
999 _c8561
_d8561
856 _uhttp://koha.tu.koszalin.pl/cgi-bin/koha/opac-detail.pl?biblionumber=8561
_yKatalog online BPK